000
00294nam a2200145Ia 4500
100
_a
Jones/ Gregory W
942
_c
BK
654
_a
SE
245
_a
Software Enginering
260
_b
John Wiley
_a
New York
_c
1990
082
_a
5.1
_b
PAN
300
_a
793
546
_a
ENGLISH
999
_c
24971
_d
24971